Manual de procedimiento de reclutamiento, selección y contratación de personal en la empresa Nicaragua Machinery Company
Presenta un manual de procedimiento de reclutamiento, selección y contratación de personal en la empresa Nicaragua Machinery Company, sobre la base de un diagnóstico sobre el manejo y aplicación de los procesos de reclutamiento, selección y contratación de personal.
| Main Author: | |
|---|---|
| Other Authors: | |
| Format: | Tesis Section = Libro |
| Language: | Undetermined Spanish |
| Published: |
Managua
UNI
2014
|
| Subjects: |
| LEADER | 01170nam a2200265Ia 4500 | ||
|---|---|---|---|
| 008 | 240830s9999 xx 000 0 und d | ||
| 040 | |a BIBLIOTECA-RUPAP T.Mon 658.311 T779 | ||
| 041 | |a spa | ||
| 082 | |a T.Mon 658.311 T779 | ||
| 100 | 1 | |a Travers Alvarado, Elia Raquel | |
| 245 | 1 | 0 | |a Manual de procedimiento de reclutamiento, selección y contratación de personal en la empresa Nicaragua Machinery Company |
| 260 | |a Managua |b UNI |c 2014 | ||
| 300 | |a 70 p. :il. | ||
| 500 | |a Contiene: anexos e Incluye: CD. | ||
| 502 | |a Tesis (Ingeniero de Sistemas)- UNI, 2014. | ||
| 520 | 3 | |a Presenta un manual de procedimiento de reclutamiento, selección y contratación de personal en la empresa Nicaragua Machinery Company, sobre la base de un diagnóstico sobre el manejo y aplicación de los procesos de reclutamiento, selección y contratación de personal. | |
| 650 | 7 | |a RECLUTAMIENTO DE EMPLEADOS | |
| 650 | 7 | |b SELECCIÓN DE PERSONAL | |
| 650 | 7 | |c PERSONAL - DIRECCIÓN | |
| 650 | 7 | |d ADMINISTRACIÓN DE RECURSOS HUMANOS | |
| 650 | 7 | |e CAPITAL HUMANO | |
| 700 | 1 | |a Tutor: |b Castellón Estrada, Rosa Elena | |
| 942 | |c BK |2 ddc | ||
| 991 | |a TESIS | ||
| 999 | |c 18532 | ||